| 000 | 01184nam a2200361 i 4500 | ||
|---|---|---|---|
| 999 |
_c200449684 _d67896 |
||
| 001 | 200449684 | ||
| 003 | TR-AnTOB | ||
| 005 | 20250116103043.0 | ||
| 007 | ta | ||
| 008 | 220629s2022 tu 000 0 tur d | ||
| 020 | _a9786258092660 | ||
| 035 | _a(TR-AnTOB)200449684 | ||
| 040 |
_aTR-AnTOB _beng _erda _cTR-AnTOB |
||
| 041 | 0 | _atur | |
| 050 | 4 |
_aKKX1771 _b.T87 2022 |
|
| 090 |
_aKKX1771 _b.T87 2022 |
||
| 245 | 1 | 0 |
_aTürk İdari Yargılama Hukukunda İspat ve Deliller/ _c[Selman Sacit Boz [and others] |
| 246 | 1 | 2 | _aİspat ve deliller. |
| 250 | _aBirinci baskı. | ||
| 264 | 1 |
_aAnkara : _bAdalet Yayınevi, _c2022. |
|
| 300 |
_a367 pages ; _c24 cm |
||
| 336 |
_atext _btxt _2rdacontent |
||
| 337 |
_aunmediated _bn _2rdamedia |
||
| 338 |
_avolume _bnc _2rdacarrier |
||
| 490 | 0 |
_aHukuk Yayınları Dizisi ; _v3101. |
|
| 504 | _aBIB | ||
| 650 | 7 |
_aDelilik (Hukuk) _zTürkiye _2etuturkob _9122500 |
|
| 650 | 7 |
_aİdare hukuku _zTürkiye _2etuturkob _910433 |
|
| 700 | 1 |
_aBoz, Selman Sacit _eauthor _9121892 |
|
| 856 | 4 | 1 |
_3Turcademy (Also available online) _uhttps://www.turcademy.com/en/kitap/ispat-ve-deliller-9786258092660 |
| 942 |
_2lcc _cBK |
||